| 000 | 00864nam a2200217Ia 4500 | ||
|---|---|---|---|
| 008 | 0000001992 mX ad 0000000000spa00 | ||
| 090 | _aPSP00 C17s | ||
| 100 | 1 |
_aCarbonell, Santiago _d1960 |
|
| 245 | 1 | 0 |
_aSantiago Carbonell _b: el toque mágico del realismo _c/ curador Roberto González |
| 300 |
_a[12] p. _c/ 21 cm. |
||
| 500 | _aExposición realizada en Praxis Arte Internacional, México, JulioAgosto, 1992 \ Con el patronazgo del maestro venezolano Jesús Rafael Soto (q.e.p.d.) | ||
| 600 | 0 | 0 |
_aCARBONELL, SANTIAGO, 1960/ _xTRABAJOS PICTORICOS |
| 650 | 1 | 4 | _aARTE CONTEMPORANEO ESPAÑOL |
| 650 | 1 | 4 | _xCATALOGOS |
| 650 | 1 | 4 | _xEXPOSICIONES |
| 650 | 1 | 4 | _aFIGURA HUMANA EN EL ARTE |
| 650 | 1 | 4 | _aPINTORES ESPAÑOLES |
| 650 | 1 | 4 | _aPINTURA ESPAÑOLA |
| 700 | 1 | _aGonzález, Roberto | |
| 999 |
_c2062 _d2062 |
||
| 260 |
_aMéxico : Praxis Arte Internacional _c1992 |
||